[Event "Kreismeisterschaft Mittelfranken Mitte 2"]
[Site "Nuernberg"]
[Date "2026.01.03"]
[Round "2.3"]
[White "Redzepovic, Irfan"]
[Black "Levent, Abdullah"]
[Result "0-1"]
[WhiteElo "1992"]
[BlackElo "1710"]
[PlyCount "78"]
[EventDate "2026.01.02"]
[WhiteTeam "SC Schwarz-WeiÃŸ NÃ¼rnberg SÃ¼d e.V"]
[BlackTeam "SC Noris-Tarrasch NÃ¼rnberg 1873"]

1. d4 d5 2. Nf3 Nf6 3. c4 e6 4. e3 Be7 5. b3 c6 6. Bd3 Nbd7 7. Nbd2 Qc7 8. Bb2
c5 9. cxd5 exd5 10. Rc1 Qb6 11. O-O c4 12. Bb1 O-O 13. Ne5 cxb3 14. axb3 Nxe5
15. dxe5 Nd7 16. Bd4 Qe6 17. f4 f5 18. Nf3 b6 19. b4 Ba6 20. Rf2 Bc4 21. Bc3
Nb8 22. Nd4 Qc8 23. g4 fxg4 24. f5 Bg5 25. Bd2 Bh4 26. Rg2 h5 27. f6 gxf6 28.
Bf5 Qc7 29. Ne6 Qxe5 30. Rxg4+ hxg4 31. Qxg4+ Bg5 32. e4 Kf7 33. Bc3 Be3+ 34.
Kh1 Qxh2+ 35. Kxh2 Rh8+ 36. Kg3 Rg8 37. Bg6+ Rxg6 38. Nd8+ Kg7 39. Bxf6+ Kxf6
0-1

[Event "Kreismeisterschaft Mittelfranken Mitte 2"]
[Site "Nuernberg"]
[Date "2026.01.03"]
[Round "2.4"]
[White "Suess, Helmut"]
[Black "Seibold, Hubert"]
[Result "1/2-1/2"]
[WhiteElo "1868"]
[BlackElo "2034"]
[PlyCount "34"]
[EventDate "2026.01.02"]
[WhiteTeam "SC Noris-Tarrasch NÃ¼rnberg 1873"]
[BlackTeam "SK Zirndorf e.V."]

1. d4 d5 2. Bf4 Nf6 3. e3 c5 4. Nf3 cxd4 5. exd4 Qb6 6. Nc3 a6 7. Na4 Qa7 8.
Nc5 Nc6 9. c3 g6 10. Be2 Bg7 11. Ne5 Nxe5 12. Bxe5 b6 13. Nd3 Bd7 14. O-O O-O
15. Bxf6 Bxf6 16. Nb4 Qb7 17. Bf3 Bc6 1/2-1/2

[Event "Kreismeisterschaft Mittelfranken Mitte 2"]
[Site "Nuernberg"]
[Date "2026.01.03"]
[Round "2.5"]
[White "Erlbeck, Peter"]
[Black "Gottlieb, Michael"]
[Result "1-0"]
[WhiteElo "2019"]
[BlackElo "1755"]
[PlyCount "73"]
[EventDate "2026.01.02"]
[WhiteTeam "SC Schwarz-WeiÃŸ NÃ¼rnberg SÃ¼d e.V"]
[BlackTeam "SV Postbauer e.V."]

1. e4 e5 2. Nf3 Nc6 3. Bb5 a6 4. Bxc6 dxc6 5. O-O Bg4 6. h3 h5 7. d3 Qf6 8. Be3
Bxf3 9. Qxf3 Qxf3 10. gxf3 Bd6 11. Nd2 Ne7 12. Rfb1 c5 13. Kf1 f6 14. Ke2 g5
15. Nb3 b6 16. a4 a5 17. Nd2 Ng6 18. c3 Kf7 19. Nc4 Rad8 20. Rd1 Rd7 21. Rd2
Rhd8 22. Rad1 Be7 23. Na3 h4 24. Nc2 Nf4+ 25. Bxf4 exf4 26. d4 Kg6 27. d5 Bd6
28. Kd3 Be5 29. Kc4 c6 30. Na3 f5 31. exf5+ Kxf5 32. Rd3 Kf6 33. dxc6 Rxd3 34.
Rxd3 Rc8 35. Kb5 Bc7 36. Rd7 Ke6 37. Nc4 1-0

[Event "Kreismeisterschaft Mittelfranken Mitte 2"]
[Site "Nuernberg"]
[Date "2026.01.03"]
[Round "2.6"]
[White "Fridlin, Daniel"]
[Black "Kanewski, Josef"]
[Result "0-1"]
[WhiteElo "1701"]
[BlackElo "1972"]
[PlyCount "102"]
[EventDate "2026.01.02"]
[WhiteTeam "SC Noris-Tarrasch NÃ¼rnberg 1873"]
[BlackTeam "SC Schwarz-WeiÃŸ NÃ¼rnberg SÃ¼d e.V"]

1. e4 c5 2. Nf3 Nc6 3. d4 cxd4 4. Nxd4 Nf6 5. Nc3 e5 6. Ndb5 d6 7. Bg5 a6 8.
Na3 b5 9. Nd5 Be7 10. Bxf6 Bxf6 11. c3 Ne7 12. Nxf6+ gxf6 13. Be2 d5 14. exd5
Nxd5 15. Bf3 Be6 16. O-O f5 17. c4 bxc4 18. Qa4+ Qd7 19. Qxd7+ Kxd7 20. Rfd1 e4
21. Be2 Ke7 22. Bxc4 Nf4 23. Bxe6 fxe6 24. Nc4 Rhg8 25. g3 Nd5 26. Rac1 Rgc8
27. a3 a5 28. Ne5 a4 29. Nc6+ Kd6 30. Nd4 Rab8 31. b4 axb3 32. Rxc8 Rxc8 33.
Nxb3 Ra8 34. Ra1 Nc3 35. Kf1 Kd5 36. Ke1 Kc4 37. Nc1 e5 38. Ne2 Nb5 39. a4 Nd4
40. Nxd4 exd4 41. Kd2 Ra5 42. f3 h5 43. h3 e3+ 44. Ke2 Kc3 45. Rc1+ Kb3 46.
Rb1+ Kc2 47. Rb4 d3+ 48. Kxe3 Re5+ 49. Kd4 d2 50. Rc4+ Kb2 51. Rb4+ Ka2 0-1

[Event "Kreismeisterschaft Mittelfranken Mitte 2"]
[Site "Nuernberg"]
[Date "2026.01.03"]
[Round "2.7"]
[White "Becker, Christian"]
[Black "Civas, Ege Noyan"]
[Result "0-1"]
[WhiteElo "1788"]
[BlackElo "1847"]
[PlyCount "40"]
[EventDate "2026.01.02"]
[WhiteTeam "SC Schwarz-WeiÃŸ NÃ¼rnberg SÃ¼d e.V"]
[BlackTeam "SC Schwarz-WeiÃŸ NÃ¼rnberg SÃ¼d e.V"]

1. e4 c6 2. Nc3 d5 3. Nf3 dxe4 4. Nxe4 Bg4 5. Bc4 e6 6. h3 Bxf3 7. Qxf3 Nd7 8.
Qe2 Be7 9. d4 Ngf6 10. Nxf6+ Nxf6 11. Be3 Qc7 12. Bg5 Qa5+ 13. Bd2 Qb6 14. Bc3
Nd5 15. O-O O-O 16. Bxd5 cxd5 17. Rfd1 Bf6 18. b3 Rac8 19. Bb2 Rc6 20. f4 Qc7
0-1

[Event "Kreismeisterschaft Mittelfranken Mitte 2"]
[Site "Nuernberg"]
[Date "2026.01.03"]
[Round "2.8"]
[White "Atturi, Sathwik Reddy"]
[Black "Pohl, Steffen"]
[Result "0-1"]
[WhiteElo "1696"]
[BlackElo "1941"]
[PlyCount "120"]
[EventDate "2026.01.02"]
[WhiteTeam "Spvg Zabo-Eintracht NÃ¼rnberg e.V"]
[BlackTeam "SC JÃ„KLECHEMIE Talente Franken e"]

1. e4 e5 2. Nf3 Nc6 3. Bc4 Nf6 4. d3 h6 5. Nc3 d6 6. Be3 Na5 7. Bb3 Nxb3 8.
axb3 g5 9. h3 Bg7 10. d4 exd4 11. Bxd4 O-O 12. O-O g4 13. hxg4 Bxg4 14. Qd3 c6
15. Nh2 Bc8 16. Rad1 Re8 17. Qg3 Kh7 18. Bxf6 Qxf6 19. Rxd6 Qe7 20. Rdd1 Rg8
21. Qe3 Be5 22. f4 Bc7 23. e5 Bb6 24. Rd4 Bxd4 25. Qxd4 Bf5 26. Ne4 Rad8 27.
Qe3 Rg6 28. Nf6+ Rxf6 29. Nf3 Rg6 30. Nd4 Rxd4 31. Qxd4 Qd7 32. Qe3 Qd5 33. Rf2
Qd1+ 34. Kh2 Rg4 35. g3 Rg6 36. Rg2 Qh5+ 37. Kg1 Bh3 38. Rd2 Be6 39. c4 Qh3 40.
Rg2 b5 41. Qd3 bxc4 42. bxc4 Bf5 43. Qe3 Be6 44. b3 h5 45. Qd3 Bf5 46. Qe3 h4
47. Qxa7 Be6 48. Qe3 Rxg3 49. Qe4+ Bf5 50. Rxg3 Qxg3+ 51. Qg2 Qxg2+ 52. Kxg2 c5
53. Kf3 Kg6 54. Kg2 Bc2 55. Kh3 Bxb3 56. Kxh4 Kf5 57. Kg3 Bxc4 58. Kf3 Bd5+ 59.
Ke3 c4 60. Kd4 Be6 0-1

[Event "Kreismeisterschaft Mittelfranken Mitte 2"]
[Site "Nuernberg"]
[Date "2026.01.03"]
[Round "2.9"]
[White "Vogiatzis, Dimitrios"]
[Black "Ratushna, Olha"]
[Result "1/2-1/2"]
[WhiteElo "1949"]
[BlackElo "1749"]
[PlyCount "39"]
[EventDate "2026.01.02"]
[WhiteTeam "SC Noris-Tarrasch NÃ¼rnberg 1873"]
[BlackTeam "SC Schwarz-WeiÃŸ NÃ¼rnberg SÃ¼d e.V"]

1. b3 Nf6 2. Bb2 g6 3. h4 Bg7 4. e3 d6 5. Be2 h5 6. d4 d5 7. Nd2 c6 8. Bd3 Ng8
9. Qe2 b5 10. c4 bxc4 11. bxc4 Nh6 12. cxd5 cxd5 13. Bb5+ Bd7 14. Rc1 a6 15.
Bxd7+ Nxd7 16. Nb3 O-O 17. Nf3 Re8 18. O-O Nf5 19. g3 Nd6 20. Ba3 1/2-1/2

[Event "Kreismeisterschaft Mittelfranken Mitte 2"]
[Site "Nuernberg"]
[Date "2026.01.03"]
[Round "2.10"]
[White "Nuesslein, Christian Thomas"]
[Black "Fiedler, Wolfgang"]
[Result "0-1"]
[WhiteElo "1791"]
[BlackElo "1975"]
[PlyCount "80"]
[EventDate "2026.01.02"]
[WhiteTeam "SC Anderssen NÃ¼rnberg 1929 e.V."]
[BlackTeam "SC Schwarz-WeiÃŸ NÃ¼rnberg SÃ¼d e.V"]

1. b4 f5 2. Bb2 e6 3. b5 Nf6 4. e3 a6 5. a4 d5 6. c4 c6 7. Nf3 g6 8. cxd5 cxd5
9. d3 Bg7 10. Be2 O-O 11. Nfd2 axb5 12. axb5 Rxa1 13. Bxa1 Qa5 14. Bb2 Qxb5 15.
Qb3 Bd7 16. Qxb5 Bxb5 17. O-O Rc8 18. Rc1 Rxc1+ 19. Bxc1 Nfd7 20. Kf1 Ne5 21.
d4 Nd3 22. Ba3 Bf8 23. Bxf8 Kxf8 24. Nc3 Ba6 25. f3 Ke7 26. e4 Kd6 27. Bxd3
Bxd3+ 28. Kf2 b5 29. Ke3 Bc4 30. Nxc4+ bxc4 31. exd5 exd5 32. h4 Nd7 33. Kf4
Ke6 34. Ke3 h6 35. f4 Nf6 36. Nb5 Kd7 37. Nc3 Kc6 38. Kf3 h5 39. Ke3 Ne4 40.
Ne2 Kb5 0-1

[Event "Kreismeisterschaft Mittelfranken Mitte 2"]
[Site "Nuernberg"]
[Date "2026.01.03"]
[Round "2.12"]
[White "Duong, Ba Duc"]
[Black "Nesmjanowitsch, Julia"]
[Result "1-0"]
[WhiteElo "1829"]
[BlackElo "1660"]
[PlyCount "44"]
[EventDate "2026.01.02"]
[WhiteTeam "SK NÃ¼rnberg 1911 e.V."]
[BlackTeam "SC JÃ„KLECHEMIE Talente Franken e"]

1. e4 e5 2. Nf3 Nc6 3. d4 exd4 4. Nxd4 Bc5 5. Be3 Qf6 6. c3 Nge7 7. g3 d5 8.
Bg2 dxe4 9. Bxe4 Ne5 10. h3 O-O 11. Nd2 Bxd4 12. Bxd4 Bf5 13. Qc2 Bxe4 14. Qxe4
N7c6 15. f4 Qg6 16. fxe5 Qxg3+ 17. Ke2 f5 18. Rag1 fxe4 19. Rxg3 Rae8 20. Rhg1
g6 21. Rg5 Rf4 22. R1g4 Rxg4 1-0

[Event "Kreismeisterschaft Mittelfranken Mitte 2"]
[Site "Nuernberg"]
[Date "2026.01.03"]
[Round "2.13"]
[White "Ramonat, Valentin"]
[Black "Ahlich, Thomas"]
[Result "1/2-1/2"]
[WhiteElo "1748"]
[BlackElo "1942"]
[PlyCount "93"]
[EventDate "2026.01.02"]
[WhiteTeam "SC Schwarz-WeiÃŸ NÃ¼rnberg SÃ¼d e.V"]
[BlackTeam "Spvg Zabo-Eintracht NÃ¼rnberg e.V"]

1. d4 Nf6 2. Nc3 d5 3. Bf4 e6 4. Nb5 Bd6 5. Nxd6+ cxd6 6. e3 O-O 7. Nf3 Qe7 8.
Be2 b6 9. O-O Bb7 10. Rc1 Nbd7 11. c4 Rfc8 12. cxd5 Rxc1 13. Qxc1 Nxd5 14. Bg3
N7f6 15. Nd2 Rc8 16. Qd1 Qc7 17. Bd3 Nb4 18. Bb1 Ba6 19. Re1 Nc2 20. Bxc2 Qxc2
21. Nb3 Ne4 22. Qb1 g5 23. f3 Nxg3 24. hxg3 Bb5 25. Qc1 a5 26. Qxc2 Rxc2 27.
Rb1 Re2 28. e4 Bd3 29. Rd1 Bc2 30. Rd2 Rxd2 31. Nxd2 Bd3 32. Kf2 Kf8 33. Ke3
Ba6 34. f4 h6 35. g4 f6 36. g3 Ke7 37. a3 Kd7 38. d5 e5 39. b4 Kc7 40. f5 Bb5
41. Kf2 Kb7 42. Ke3 Ka6 43. Nb1 Be8 44. Nc3 axb4 45. axb4 h5 46. Kf3 Bf7 47.
Ke3 1/2-1/2

[Event "Kreismeisterschaft Mittelfranken Mitte 2"]
[Site "Nuernberg"]
[Date "2026.01.03"]
[Round "2.15"]
[White "Llugiq, Bajram"]
[Black "Scheitler, Wolfgang"]
[Result "1/2-1/2"]
[WhiteElo "1914"]
[BlackElo "1699"]
[PlyCount "42"]
[EventDate "2026.01.02"]
[WhiteTeam "SC Schwarz-WeiÃŸ NÃ¼rnberg SÃ¼d e.V"]
[BlackTeam "SC Schwarz-WeiÃŸ NÃ¼rnberg SÃ¼d e.V"]

1. d4 Nf6 2. c4 e6 3. Nc3 d5 4. Nf3 Be7 5. e3 O-O 6. Bd3 dxc4 7. Bxc4 b6 8. O-O
Bb7 9. Bd3 Nbd7 10. Ne1 c5 11. a3 cxd4 12. exd4 h6 13. Bf4 Nd5 14. Bd2 Bg5 15.
Ne4 Bxd2 16. Qxd2 N7f6 17. Rd1 Qd7 18. Nc3 Rfd8 19. Bb1 Rac8 20. Nc2 Nxc3 21.
bxc3 Ne4 1/2-1/2

[Event "Kreismeisterschaft Mittelfranken Mitte 2"]
[Site "Nuernberg"]
[Date "2026.01.03"]
[Round "2.16"]
[White "Hahn, Thomas"]
[Black "Mueller, Tim"]
[Result "0-1"]
[WhiteElo "1813"]
[BlackElo "1713"]
[PlyCount "118"]
[EventDate "2026.01.02"]
[WhiteTeam "Spvg Zabo-Eintracht NÃ¼rnberg e.V"]
[BlackTeam "SC Noris-Tarrasch NÃ¼rnberg 1873"]

1. e4 c5 2. Nf3 Nf6 3. Nc3 d5 4. exd5 Nxd5 5. Bb5+ Bd7 6. Bxd7+ Qxd7 7. O-O Nc6
8. Ne4 e5 9. Re1 f6 10. d3 Be7 11. Be3 b6 12. Nh4 O-O 13. Qh5 f5 14. Ng5 Nf6
15. Qd1 Ng4 16. Nhf3 Rf6 17. Bd2 h6 18. Nh3 Re8 19. Bc3 Bd6 20. Nd2 b5 21. b3
Rg6 22. f3 Nf6 23. Kh1 Nd5 24. Bb2 f4 25. Nf1 b4 26. a3 a5 27. axb4 axb4 28.
Qd2 Nce7 29. Bxe5 Rf8 30. Bxd6 Qxd6 31. Nf2 Nf5 32. Ne4 Qc7 33. Re2 Nde3 34.
Nxe3 fxe3 35. Qe1 Qf4 36. Ra5 Nd4 37. Rxc5 Nxf3 38. g3 Nxe1 39. gxf4 Nf3 40.
Ng3 Rxf4 41. Rxe3 Ra6 42. Kg2 Nh4+ 43. Kh3 Ng6 44. Rc4 Rxc4 45. dxc4 Ra2 46.
Re8+ Kf7 47. Rb8 Rxc2 48. Rxb4 Nf4+ 49. Kg4 Ne6 50. h4 g6 51. Ne4 Rg2+ 52. Kf3
Rh2 53. Rb7+ Kf8 54. Kg3 Re2 55. Kf3 Nd4+ 56. Kf4 Ne6+ 57. Ke5 Rxe4+ 58. Kf6
Nd8 59. Rh7 Re6# 0-1

[Event "Kreismeisterschaft Mittelfranken Mitte 2"]
[Site "Nuernberg"]
[Date "2026.01.03"]
[Round "2.17"]
[White "Holzmann, Alisa"]
[Black "Thoma, Dirk"]
[Result "1-0"]
[WhiteElo "1512"]
[BlackElo "1753"]
[PlyCount "81"]
[EventDate "2026.01.02"]
[WhiteTeam "SC JÃ„KLECHEMIE Talente Franken e"]
[BlackTeam "SC Noris-Tarrasch NÃ¼rnberg 1873"]

1. e4 c5 2. Nf3 Nc6 3. d4 cxd4 4. Nxd4 a6 5. Be3 Nf6 6. f3 d6 7. c3 e5 8. Nc2
Be6 9. Nd2 Be7 10. Nc4 b5 11. Nb6 Rb8 12. Nd5 O-O 13. Be2 Nd7 14. O-O f5 15.
Nxe7+ Qxe7 16. exf5 Bxf5 17. Bd3 Be6 18. Be4 Rbc8 19. Qd3 Nf6 20. Bg5 Bc4 21.
Qd2 Bxf1 22. Rxf1 Qd7 23. Bd3 h6 24. Bh4 Rcd8 25. Ne3 g5 26. Bf2 Ne7 27. Bc2
Kh8 28. Qd3 Rf7 29. h4 Rg7 30. hxg5 hxg5 31. g4 Ng6 32. Bg3 Nf4 33. Bxf4 gxf4
34. Nf5 Qa7+ 35. Kg2 Rh7 36. Nxd6 Qc7 37. Rd1 Rdd7 38. g5 Ne8 39. Qf5 Rxd6 40.
Rxd6 Rf7 41. Qc8 1-0

[Event "Kreismeisterschaft Mittelfranken Mitte 2"]
[Site "Nuernberg"]
[Date "2026.01.03"]
[Round "2.20"]
[White "Hestermann, Hans-Ludwig"]
[Black "Wenta, Theodor"]
[Result "1-0"]
[WhiteElo "1909"]
[BlackElo "1633"]
[PlyCount "83"]
[EventDate "2026.01.02"]
[WhiteTeam "Spvg Zabo-Eintracht NÃ¼rnberg e.V"]
[BlackTeam "SC Schwarz-WeiÃŸ NÃ¼rnberg SÃ¼d e.V"]

1. d4 Nf6 2. c4 e6 3. Nc3 Be7 4. Nf3 O-O 5. Bg5 c6 6. e3 d5 7. Bd3 h6 8. Bh4
Re8 9. O-O Nbd7 10. Qc2 Nf8 11. Rad1 dxc4 12. Bxc4 Nd5 13. Bg3 Bd6 14. Bxd6
Qxd6 15. Ne4 Qe7 16. Rfe1 Nf6 17. Nc5 b6 18. Nd3 Bb7 19. Qe2 Ne4 20. Nc1 Ng5
21. Nxg5 Qxg5 22. Ba6 Bxa6 23. Qxa6 Ng6 24. Ne2 Nh4 25. Ng3 Rec8 26. Rc1 Qd5
27. f3 e5 28. Red1 exd4 29. Rxd4 Qg5 30. Rc3 c5 31. Rg4 Qe7 32. Qc4 Ng6 33.
Rxg6 Rd8 34. Rxg7+ Kh8 35. Rxf7 Rd1+ 36. Kf2 Rd2+ 37. Ne2 Qg5 38. Rc2 Rd6 39.
Qe4 Rg6 40. Qxa8+ Rg8 41. Rf8 Qxg2+ 42. Ke1 1-0

[Event "Kreismeisterschaft Mittelfranken Mitte 2"]
[Site "Nuernberg"]
[Date "2026.01.03"]
[Round "2.22"]
[White "Barnowski, Roman"]
[Black "Poerzgen, Michael"]
[Result "0-1"]
[WhiteElo "1730"]
[BlackElo "1833"]
[PlyCount "46"]
[EventDate "2026.01.02"]
[WhiteTeam "SC Schwarz-WeiÃŸ NÃ¼rnberg SÃ¼d e.V"]
[BlackTeam "SC Schwarz-WeiÃŸ NÃ¼rnberg SÃ¼d e.V"]

1. Nf3 Nf6 2. g3 g6 3. c4 Bg7 4. Nc3 O-O 5. Bg2 d5 6. cxd5 Nxd5 7. O-O c6 8. e4
Nb4 9. d4 Bg4 10. a3 N4a6 11. Be3 Nd7 12. Qd2 Re8 13. Rac1 Nb6 14. b3 Nc7 15.
h3 Bxf3 16. Bxf3 e6 17. Bg2 Qe7 18. Ra1 e5 19. d5 cxd5 20. exd5 e4 21. d6 Bxc3
22. Qd1 Qe6 23. Rc1 Ncd5 0-1

[Event "Kreismeisterschaft Mittelfranken Mitte 2"]
[Site "Nuernberg"]
[Date "2026.01.03"]
[Round "2.23"]
[White "Yanpala, Oguz Faruk"]
[Black "Naegelein, Louis"]
[Result "1-0"]
[WhiteElo "1624"]
[BlackElo "1692"]
[PlyCount "99"]
[EventDate "2026.01.02"]
[WhiteTeam "SC JÃ„KLECHEMIE Talente Franken e"]
[BlackTeam "SV Postbauer e.V."]

1. e4 c6 2. d4 d5 3. Nd2 dxe4 4. Nxe4 Nf6 5. Nxf6+ exf6 6. Bf4 Bd6 7. Bxd6 Qxd6
8. c3 O-O 9. Bd3 Re8+ 10. Ne2 Bg4 11. O-O Nd7 12. Qc2 Kh8 13. Rfe1 Bxe2 14.
Rxe2 Rxe2 15. Qxe2 g6 16. Re1 Kg7 17. Qe7 Qd5 18. Bc2 Nb6 19. Bb3 Qd7 20. Qxd7
Nxd7 21. Re7 Rd8 22. Rxf7+ Kh6 23. f4 f5 24. Be6 Nf8 25. Bb3 Nd7 26. Kf2 c5 27.
Be6 Nf8 28. d5 Nxe6 29. dxe6 Re8 30. Rxb7 Rxe6 31. Rxa7 Rb6 32. b3 Rd6 33. Re7
Rd2+ 34. Re2 Rd3 35. c4 Rd7 36. g3 Kg7 37. h3 Kf6 38. Kf3 h5 39. Re3 Ra7 40.
Re2 Rd7 41. Re5 Ra7 42. Rxc5 Rxa2 43. Rd5 Rb2 44. Rd3 Rc2 45. Ke3 Ke6 46. Kd4
Kd6 47. b4 Re2 48. Re3 Rd2+ 49. Kc3 Rd1 50. Rd3+ 1-0

[Event "Kreismeisterschaft Mittelfranken Mitte 2"]
[Site "Nuernberg"]
[Date "2026.01.03"]
[Round "2.24"]
[White "Sarcevic, Ivo"]
[Black "Martick, Ralph"]
[Result "0-1"]
[WhiteElo "1674"]
[BlackElo "1767"]
[PlyCount "94"]
[EventDate "2026.01.02"]
[WhiteTeam "SC Schwarz-WeiÃŸ NÃ¼rnberg SÃ¼d e.V"]
[BlackTeam "SV Postbauer e.V."]

1. e4 c5 2. f4 Nc6 3. Nf3 g6 4. Bc4 Bg7 5. c3 e6 6. O-O Nge7 7. d4 d5 8. exd5
exd5 9. Bb5 c4 10. Ne5 O-O 11. Nxc6 Nxc6 12. Bxc6 bxc6 13. Be3 a5 14. a4 Rb8
15. Qd2 Bf5 16. Qc1 Qb6 17. Rf2 Rfe8 18. h3 Re7 19. Kh2 Rbe8 20. Re2 Bd3 21.
Re1 Bh6 22. g3 Rb8 23. Qd2 Qxb2 24. Qxb2 Rxb2+ 25. Kg1 Rxe3 26. Rxe3 Bxb1 27.
Re1 Be4 28. Rac1 Rg2+ 29. Kf1 Rxg3 30. Rxe4 dxe4 31. Re1 f5 32. Rb1 Bxf4 33.
Rb6 Rxc3 34. Rxc6 Rxh3 35. Rxc4 Rd3 36. Rc5 Bd2 37. d5 Bb4 38. Rb5 Kg7 39. Ke2
Kf6 40. Rb6+ Ke5 41. Rb7 Rxd5 42. Rxh7 g5 43. Rg7 Kf4 44. Rg6 Rd2+ 45. Kf1 Kf3
46. Ke1 Rd6+ 47. Kf1 Rd1# 0-1

[Event "Kreismeisterschaft Mittelfranken Mitte 2"]
[Site "Nuernberg"]
[Date "2026.01.03"]
[Round "2.25"]
[White "Babichev, Vyacheslav"]
[Black "Steindl, Horst"]
[Result "1-0"]
[WhiteElo "1798"]
[BlackElo "1609"]
[PlyCount "39"]
[EventDate "2026.01.02"]
[WhiteTeam "SC Schwarz-WeiÃŸ NÃ¼rnberg SÃ¼d e.V"]
[BlackTeam "SC Schwarz-WeiÃŸ NÃ¼rnberg SÃ¼d e.V"]

1. e4 c6 2. Nf3 d5 3. exd5 cxd5 4. d4 Bg4 5. Bb5+ Nd7 6. h3 Bxf3 7. Qxf3 e6 8.
O-O a6 9. Ba4 Be7 10. Qg4 Bf6 11. c3 h5 12. Qe2 b5 13. Bb3 Ne7 14. Nd2 O-O 15.
Qxh5 Ng6 16. Bc2 Qe8 17. Re1 e5 18. Nf3 e4 19. Qxd5 Qe6 20. Qxe6 1-0

[Event "Kreismeisterschaft Mittelfranken Mitte 2"]
[Site "Nuernberg"]
[Date "2026.01.03"]
[Round "2.27"]
[White "Hanek, Erik"]
[Black "Majid, Hakim"]
[Result "1-0"]
[WhiteElo "1856"]
[BlackElo "1592"]
[PlyCount "57"]
[EventDate "2026.01.02"]
[WhiteTeam "SC Schwarz-WeiÃŸ NÃ¼rnberg SÃ¼d e.V"]
[BlackTeam "SC Schwarz-WeiÃŸ NÃ¼rnberg SÃ¼d e.V"]

1. e4 e5 2. Nf3 Nc6 3. Bc4 Be7 4. O-O d6 5. d3 Bg4 6. c3 Nf6 7. Nbd2 O-O 8. Re1
Nb8 9. Nf1 c6 10. Ng3 d5 11. exd5 cxd5 12. Bb3 Bd6 13. Bg5 h5 14. Bxf6 Qxf6 15.
Bxd5 Nc6 16. Ne4 Qe7 17. h3 Bf5 18. Qd2 Bc7 19. Rad1 Rad8 20. Bb3 Qd7 21. Qg5
Bxe4 22. dxe4 Qe7 23. Qxh5 Rxd1 24. Rxd1 Qf6 25. Ng5 Qh6 26. Qxh6 gxh6 27. Nxf7
Rxf7 28. Bxf7+ Kxf7 29. Rd7+ 1-0

[Event "Kreismeisterschaft Mittelfranken Mitte 2"]
[Site "Nuernberg"]
[Date "2026.01.03"]
[Round "3.1"]
[White "Pohl, Steffen"]
[Black "Adeluette, Dennis"]
[Result "0-1"]
[WhiteElo "1941"]
[BlackElo "2103"]
[PlyCount "92"]
[EventDate "2026.01.02"]
[WhiteTeam "SC JÃ„KLECHEMIE Talente Franken e"]
[BlackTeam "SC JÃ„KLECHEMIE Talente Franken e"]

1. e4 e5 2. Nf3 Nc6 3. Bc4 Bc5 4. O-O Nf6 5. d3 O-O 6. c3 d5 7. exd5 Nxd5 8.
Re1 Bg4 9. h3 Bh5 10. Nbd2 Nb6 11. Ne4 Nxc4 12. Nxc5 Nd6 13. g4 Bg6 14. Bg5 Qc8
15. Nh4 b6 16. Nxg6 hxg6 17. Ne4 f5 18. Nxd6 cxd6 19. Qf3 fxg4 20. Qxg4 Qf5 21.
Qxf5 gxf5 22. f4 Rae8 23. Kf2 Kf7 24. b4 Ke6 25. b5 Nd8 26. Bxd8 Rxd8 27. c4
Kf6 28. Re2 Rh8 29. fxe5+ dxe5 30. Re3 f4 31. Rf3 g5 32. Ke2 Rh7 33. a4 Rdh8
34. a5 Rxh3 35. axb6 Rxf3 36. Kxf3 axb6 37. Ra6 Kf5 38. Kg2 Rb8 39. Ra7 g4 40.
Rf7+ Ke6 41. Rg7 Kf5 42. Rf7+ Kg6 43. Rd7 f3+ 44. Kf2 Rf8 45. Rd6+ Kg5 46. Rd7
g3+ 0-1

[Event "Kreismeisterschaft Mittelfranken Mitte 2"]
[Site "Nuernberg"]
[Date "2026.01.03"]
[Round "3.2"]
[White "Simin, Vladimir"]
[Black "Erlbeck, Peter"]
[Result "1/2-1/2"]
[WhiteElo "1935"]
[BlackElo "2019"]
[PlyCount "39"]
[EventDate "2026.01.02"]
[WhiteTeam "SC Schwarz-WeiÃŸ NÃ¼rnberg SÃ¼d e.V"]
[BlackTeam "SC Schwarz-WeiÃŸ NÃ¼rnberg SÃ¼d e.V"]

1. c4 e5 2. g3 Nc6 3. Bg2 f5 4. Nc3 Nf6 5. e3 Bc5 6. Nge2 d6 7. O-O O-O 8. a3
Qe8 9. b4 Bb6 10. d4 a6 11. Bb2 Qh5 12. Nd5 f4 13. exf4 e4 14. Nxf6+ Rxf6 15.
c5 Rh6 16. h4 Ba7 17. Nc3 Bg4 18. Qb3+ Be6 19. Qd1 Bg4 20. Qb3+ 1/2-1/2

[Event "Kreismeisterschaft Mittelfranken Mitte 2"]
[Site "Nuernberg"]
[Date "2026.01.03"]
[Round "3.3"]
[White "Kanewski, Josef"]
[Black "Duong, Ba Duc"]
[Result "1/2-1/2"]
[WhiteElo "1972"]
[BlackElo "1829"]
[PlyCount "85"]
[EventDate "2026.01.02"]
[WhiteTeam "SC Schwarz-WeiÃŸ NÃ¼rnberg SÃ¼d e.V"]
[BlackTeam "SK NÃ¼rnberg 1911 e.V."]

1. d4 d5 2. c4 c6 3. Nf3 Nf6 4. cxd5 cxd5 5. Nc3 Nc6 6. Bf4 Bf5 7. e3 e6 8. Ne5
Bb4 9. Qa4 Qa5 10. Qxa5 Bxa5 11. Bb5 a6 12. Ba4 Rc8 13. Nxc6 bxc6 14. O-O Bxc3
15. bxc3 Bd3 16. Rfd1 Bb5 17. Bb3 Ne4 18. Rac1 g5 19. Bg3 Ke7 20. c4 Nxg3 21.
hxg3 dxc4 22. Bxc4 Rhd8 23. Bb3 c5 24. dxc5 Rxd1+ 25. Bxd1 Bc6 26. Be2 Bb5 27.
Kf1 Kd7 28. Ke1 Bxe2 29. Kxe2 Rb8 30. c6+ Kc7 31. Rc2 h5 32. Kd3 Rb5 33. e4 Ra5
34. f4 Ra3+ 35. Kd4 Rxg3 36. f5 exf5 37. exf5 f6 38. Re2 Kxc6 39. Re6+ Kd7 40.
Rxf6 Rxg2 41. Rxa6 Ke7 42. Rh6 Rxa2 43. Rxh5 1/2-1/2

[Event "Kreismeisterschaft Mittelfranken Mitte 2"]
[Site "Nuernberg"]
[Date "2026.01.03"]
[Round "3.4"]
[White "Civas, Ege Noyan"]
[Black "Papst, Arthur"]
[Result "1/2-1/2"]
[WhiteElo "1847"]
[BlackElo "1772"]
[PlyCount "55"]
[EventDate "2026.01.02"]
[WhiteTeam "SC Schwarz-WeiÃŸ NÃ¼rnberg SÃ¼d e.V"]
[BlackTeam "SK NÃ¼rnberg 1911 e.V."]

1. e4 c5 2. Nf3 d6 3. d4 cxd4 4. Nxd4 Nf6 5. Nc3 a6 6. Bg5 e6 7. f4 Be7 8. Qf3
Qc7 9. O-O-O Nbd7 10. Bd3 h6 11. Bh4 g5 12. fxg5 Ne5 13. Qe2 Nfg4 14. Nf3 Ng6
15. Bg3 hxg5 16. e5 Nf4 17. Bxf4 gxf4 18. exd6 Bxd6 19. Nd5 Qc5 20. h3 Nf2 21.
Nf6+ Ke7 22. Ne4 Nxe4 23. Bxe4 Bd7 24. Kb1 Rac8 25. Rd2 Bb5 26. Bd3 Bc6 27. Be4
Bb5 28. Bd3 1/2-1/2

[Event "Kreismeisterschaft Mittelfranken Mitte 2"]
[Site "Nuernberg"]
[Date "2026.01.03"]
[Round "3.5"]
[White "Levent, Abdullah"]
[Black "Vogiatzis, Dimitrios"]
[Result "1-0"]
[WhiteElo "1710"]
[BlackElo "1949"]
[PlyCount "97"]
[EventDate "2026.01.02"]
[WhiteTeam "SC Noris-Tarrasch NÃ¼rnberg 1873"]
[BlackTeam "SC Noris-Tarrasch NÃ¼rnberg 1873"]

1. e4 e5 2. Nf3 Nc6 3. Bc4 Nf6 4. d3 Be7 5. Nc3 d6 6. h3 Bd7 7. a3 a6 8. Be3
Na5 9. Ba2 c5 10. Qd2 Nc6 11. g4 Nd4 12. Bxd4 cxd4 13. Ne2 Be6 14. Bxe6 fxe6
15. Ng5 Qd7 16. f4 h6 17. Nf3 exf4 18. Nexd4 e5 19. Nf5 Bf8 20. O-O-O g6 21.
N5h4 Qf7 22. Kb1 Bg7 23. Rhg1 O-O-O 24. g5 Nh5 25. gxh6 Rxh6 26. Qc3+ Kb8 27.
Ng5 Qe7 28. Qb3 Ng3 29. Nhf3 Rc8 30. h4 Bf6 31. Qd5 Bxg5 32. hxg5 Rh3 33. Rd2
Qc7 34. Qe6 Rch8 35. Qxg6 Qb6 36. Rgd1 Ka7 37. d4 Ne2 38. Rxe2 Rxf3 39. dxe5
dxe5 40. Qg7 Re8 41. Qf7 Re6 42. Rd7 Qg1+ 43. Ka2 Rb6 44. g6 Rxa3+ 45. Kxa3
Qc5+ 46. Ka2 Qb5 47. c4 Qb3+ 48. Kb1 Qf3 49. Red2 1-0